Rozpoznaj Film animowany - Statystyki

Ogólne statystyki
  • Ten quiz został rozwiązany 38 razy
  • Średni wynik to 12 z 15
Statystyki odpowiedzi
Obrazkowy Odpowiedź % Poprawnych
Auta
97%
Król Lew
97%
Madagaskar
97%
Kung fu panda
95%
Toy Story
95%
Bambi
92%
Ratatuj
89%
Shrek
87%
Gdzie jest nemo?
82%
Zakochany kundel
76%
Jak wytresować smoka
68%
Odlot
68%
Potwory i spółka
61%
Minionki
55%
Dawno temu w trawie
37%
Nie znaleziono quizów pasujących do podanych kryteriów
Rozkład punktacji
Procent ludzi z każdym wynikiem
Percentyl według liczby udzielonych odpowiedzi
Twoja historia wyników
Nie rozwiązałeś tego quizu